000 00398nam a22001577a 4500
003 NUST
005 20230220130748.0
020 _a9699134879
082 _a297,KHO
100 _aKhokhar, Mohammad Iftikhar
_9109242
245 _aFajar sa Subha Tak /
_cMohammad Iftikhar Khokhar
260 _aDarussalam
_bLahore
_c2000
300 _a16 p
650 _aKids Darussalam
_9109243
942 _2ddc
_cBK
999 _c593368
_d593368